[Event "GER-ch U25 op-B"]
[Site "Willingen"]
[Date "2024.05.23"]
[Round "7"]
[White "Will, Elina"]
[Black "Fischer, Quirin"]
[Result "1/2-1/2"]
[WhiteElo "1640"]
[BlackElo "1636"]
[PlyCount "120"]
[EventDate "2024.05.19"]
[EventType "swiss"]
[EventRounds "9"]
[EventCountry "GER"]
[SourceTitle "EXT 2025"]
[Source "ChessBase"]
[SourceDate "2024.10.14"]
[SourceVersion "1"]
[SourceVersionDate "2024.10.14"]
[SourceQuality "1"]

1. e4 c5 2. Nf3 Nc6 3. d4 cxd4 4. Nxd4 g6 5. Bc4 Bg7 6. Be3 Nf6 7. f3 0-0 8. Nc3 a6 9. 0-0 b5 10. Bb3 Rb8 11. Qd2 Bb7 12. Rad1 d6 13. Nd5 Nxd4 14. Nxf6+ Bxf6 15. Bxd4 Bxd4+ 16. Qxd4 Qc7 17. Rd3 Qc5 18. Qxc5 dxc5 19. Bd5 c4 20. Rd2 Rfd8 21. Rfd1 Rd6 22. e5 Rxd5 23. Rxd5 Bxd5 24. Rxd5 Kf8 25. Kf2 b4 26. Ra5 b3 27. cxb3 cxb3 28. Rxa6 bxa2 29. Rxa2 Ke8 30. Ke3 Kd7 31. Kd4 Ke6 32. Ra6+ Kf5 33. Kc3 Kxe5 34. Ra5+ Kd6 35. b4 Rc8+ 36. Kd3 f5 37. Kd4 Rc2 38. Ra6+ Kd7 39. Ra7+ Kc6 40. Rxe7 Rxg2 41. Rxh7 Rb2 42. Kc4 Rf2 43. Rh6 Rxf3 44. Rxg6+ Kb7 45. Kb5 Rh3 46. Rf6 Rh5 47. Rf7+ Kb8 48. Kb6 Rh6+ 49. Kc5 Rh5 50. b5 f4+ 51. Kb6 Rh6+ 52. Ka5 Rxh2 53. Rxf4 Rh6 54. b6 Rh1 55. Ka6 Ra1+ 56. Kb5 Rb1+ 57. Rb4 Rxb4+ 58. Kxb4 Kb7 59. Kb5 Kb8 60. Kc5 Kb7 1/2-1/2

[Event "GER-ch U25 op-B"]
[Site "Willingen"]
[Date "2024.05.22"]
[Round "6"]
[White "Fischer, Quirin"]
[Black "Ahmadov, Ahmad"]
[Result "1-0"]
[WhiteElo "1636"]
[BlackElo "1729"]
[PlyCount "57"]
[EventDate "2024.05.19"]
[EventType "swiss"]
[EventRounds "9"]
[EventCountry "GER"]
[SourceTitle "EXT 2025"]
[Source "ChessBase"]
[SourceDate "2024.10.14"]
[SourceVersion "1"]
[SourceVersionDate "2024.10.14"]
[SourceQuality "1"]

1. c4 e5 2. Nc3 Nf6 3. d3 d5 4. cxd5 Nxd5 5. g3 Bb4 6. Bd2 Nxc3 7. Bxc3 Bxc3+ 8. bxc3 0-0 9. Bg2 c6 10. Nf3 Re8 11. 0-0 Qa5 12. Qc1 f6 13. Qb2 Qb6 14. Qb3+ Be6 15. c4 Nd7 16. Rab1 Nc5 17. Qa3 Qa6 18. Qxc5 Qxa2 19. Rxb7 Qxe2 20. Qxc6 Qxd3 21. Qc7 Qg6 22. Nh4 Qg5 23. Rxa7 Rxa7 24. Qxa7 Bxc4 25. Qd7 Bf7 26. Bd5 Rf8 27. Rd1 Qh5 28. Bxf7+ Rxf7 29. Qe8+ 1-0

[Event "GER-ch U10"]
[Site "Willingen"]
[Date "2022.06.09"]
[Round "8"]
[White "Fischer, Quirin"]
[Black "Stehning, Toni"]
[Result "1-0"]
[WhiteElo "1195"]
[BlackElo "1097"]
[PlyCount "101"]
[EventDate "2022.06.04"]
[EventType "swiss"]
[EventRounds "11"]
[EventCountry "GER"]
[SourceTitle "CBM 208 Extra"]
[Source "ChessBase"]
[SourceDate "2022.07.31"]
[SourceVersion "1"]
[SourceVersionDate "2022.07.31"]
[SourceQuality "1"]

1. e4 e5 2. Nf3 Nc6 3. Bc4 Nf6 4. d4 exd4 5. 0-0 Nxe4 6. Re1 d5 7. Bxd5 Qxd5 8. Nc3 Qd7 9. Nxe4 Be7 10. Bh6 0-0 11. Bg5 Bb4 12. Re2 b6 13. a3 Bd6 14. Nxd6 Qxd6 15. b4 f6 16. Bh4 Bb7 17. Bg3 Qd7 18. b5 Ne5 19. Nxe5 fxe5 20. Bxe5 Rad8 21. Qd3 Qg4 22. Qg3 Qxg3 23. Bxg3 Rfe8 24. Rae1 Rxe2 25. Rxe2 c5 26. f3 Bd5 27. Re7 Bc4 28. Rxa7 Bxb5 29. Rb7 d3 30. cxd3 Bxd3 31. Rxb6 Rc8 32. Be5 c4 33. Rb8 Rxb8 34. Bxb8 Bc2 35. Kf2 Bb3 36. Be5 Kf7 37. Ke3 g6 38. Kd4 Ke6 39. f4 Kf5 40. h3 h5 41. Kc5 Ke4 42. Kd6 c3 43. Bxc3 Kxf4 44. Kc5 Kg3 45. Kb4 Bd1 46. a4 Bxa4 47. Kxa4 Kxg2 48. h4 Kg3 49. Bf6 Kf4 50. Kb4 Kf5 51. Bg5 1-0

[Event "GER-chT School WK GS"]
[Site "Playchess.com INT"]
[Date "2020.06.18"]
[Round "4.4"]
[White "Fischer, Quirin"]
[Black "Leonhardt, Max"]
[Result "1-0"]
[WhiteElo "1640"]
[BlackElo "1348"]
[PlyCount "117"]
[EventDate "2020.06.11"]
[EventType "team-swiss (blitz)"]
[EventRounds "7"]
[EventCountry "GER"]
[SourceTitle "EXT 2021"]
[Source "ChessBase"]
[SourceDate "2020.10.23"]
[SourceVersion "1"]
[SourceVersionDate "2020.10.23"]
[SourceQuality "1"]
[WhiteTeam "Tegernsee"]
[BlackTeam "Frankfurt Oder"]
[WhiteTeamCountry "GER"]
[BlackTeamCountry "GER"]

1. e4 e5 2. Nf3 Nf6 3. Nxe5 Nxe4 4. Qe2 f6 5. Qxe4 fxe5 6. Qxe5+ Qe7 7. Qxe7+ Bxe7 8. Bc4 c6 9. 0-0 d5 10. Bb3 Bf5 11. d3 Nd7 12. Re1 Nc5 13. Bg5 Nxb3 14. Rxe7+ Kf8 15. axb3 h6 16. Bh4 g5 17. Bxg5 hxg5 18. Rxb7 Kg8 19. Raxa7 Rxa7 20. Rxa7 g4 21. Nd2 Bd7 22. Rxd7 g3 23. hxg3 Kf8 24. Rd6 Ke7 25. Rxc6 Kd7 26. Rc5 d4 27. Rd5+ Kc6 28. Rxd4 Kc5 29. Rc4+ Kb5 30. d4 Re8 31. Nf3 Ka5 32. Ne5 Rh8 33. Rc3 Kb4 34. Rc4+ Ka5 35. b4+ Ka4 36. Nd7 Ra8 37. Nb6+ Kb5 38. Nxa8 Kxc4 39. c3 Kb3 40. d5 Kxb2 41. d6 Kxc3 42. d7 Kxb4 43. d8Q Kb5 44. Qd6 Kc4 45. Qe5 Kd3 46. Qf4 Kc3 47. Qe4 Kb3 48. Qd4 Kc2 49. Qe3 Kb2 50. Qd4+ Kc2 51. Qe3 Kb2 52. Qd3 Ka2 53. Qb5 Ka3 54. Kf1 Ka2 55. Qb4 Ka1 56. Ke2 Ka2 57. Kd2 Ka1 58. Kc2 Ka2 59. Qb2# 1-0

[Event "GER-chT School WK GS"]
[Site "Playchess.com INT"]
[Date "2020.06.18"]
[Round "7.4"]
[White "Jaeger, Jonas Victor"]
[Black "Fischer, Quirin"]
[Result "1-0"]
[WhiteElo "1392"]
[BlackElo "1640"]
[PlyCount "67"]
[EventDate "2020.06.11"]
[EventType "team-swiss (blitz)"]
[EventRounds "7"]
[EventCountry "GER"]
[SourceTitle "EXT 2021"]
[Source "ChessBase"]
[SourceDate "2020.10.23"]
[SourceVersion "1"]
[SourceVersionDate "2020.10.23"]
[SourceQuality "1"]
[WhiteTeam "Forst"]
[BlackTeam "Tegernsee"]
[WhiteTeamCountry "GER"]
[BlackTeamCountry "GER"]

1. e4 c5 2. Nc3 Nc6 3. Nf3 g6 4. d3 Bg7 5. Bf4 Nf6 6. Be2 0-0 7. 0-0 d5 8. exd5 Nxd5 9. Nb5 Nxf4 10. Nc3 Nxe2+ 11. Qxe2 Re8 12. Ng5 Nd4 13. Qe3 Nxc2 14. Qf4 Rf8 15. Rac1 Nb4 16. Qh4 h6 17. Nge4 Nxd3 18. Rcd1 Nxb2 19. Rxd8 Rxd8 20. Qxe7 Bf5 21. Nd6 Bxc3 22. Qxf7+ Kh8 23. Nxb7 Rf8 24. Qe7 Rae8 25. Qxc5 Rc8 26. Qxa7 Ra8 27. Qc5 Rfc8 28. Qd5 Bd3 29. Rd1 Bc2 30. Rc1 Bf5 31. Qf7 Rf8 32. Qe7 Bd2 33. Rc7 g5 34. Qg7# 1-0

[Event "GER-chT School WK GS"]
[Site "Playchess.com INT"]
[Date "2020.06.11"]
[Round "1.4"]
[White "Fischer, Quirin"]
[Black "Kathoefer, Lionel"]
[Result "1-0"]
[WhiteElo "1640"]
[BlackElo "1353"]
[PlyCount "65"]
[EventDate "2020.06.11"]
[EventType "team-swiss (blitz)"]
[EventRounds "7"]
[EventCountry "GER"]
[SourceTitle "EXT 2021"]
[Source "ChessBase"]
[SourceDate "2020.10.23"]
[SourceVersion "1"]
[SourceVersionDate "2020.10.23"]
[SourceQuality "1"]
[WhiteTeam "Tegernsee"]
[BlackTeam "Trier Tarf RP"]
[WhiteTeamCountry "GER"]
[BlackTeamCountry "GER"]

1. e4 e5 2. Nf3 Nc6 3. Bc4 d6 4. Nc3 Be6 5. Bxe6 fxe6 6. 0-0 Be7 7. d3 Bh4 8. Nxh4 Qxh4 9. Qd2 Nf6 10. Qg5 Qh6 11. Qxh6 gxh6 12. Bxh6 0-0-0 13. Bg7 Rhg8 14. Bxf6 Rdf8 15. Bh4 Rg7 16. Bg3 Rfg8 17. Rfe1 Nd4 18. Rac1 d5 19. exd5 exd5 20. Nxd5 Rd8 21. Bxe5 Rgg8 22. Ne7+ Kd7 23. Nxg8 Rxg8 24. Bxd4 b6 25. Re2 c5 26. Bc3 h5 27. Rce1 Rg7 28. Bxg7 Kd6 29. Re6+ Kd5 30. R6e5+ Kc6 31. Re6+ Kd5 32. R1e5+ Kd4 33. Rxh5# 1-0

[Event "GER Pfingstopen U12"]
[Site "Playchess.com INT"]
[Date "2020.06.02"]
[Round "6"]
[White "Fischer, Quirin"]
[Black "Haug, Mara"]
[Result "1-0"]
[WhiteElo "1620"]
[BlackElo "1620"]
[PlyCount "67"]
[EventDate "2020.06.02"]
[EventType "swiss (blitz)"]
[EventRounds "11"]
[EventCountry "GER"]
[SourceTitle "CBM 197 Extra"]
[Source "ChessBase"]
[SourceDate "2020.09.30"]
[SourceVersion "1"]
[SourceVersionDate "2020.09.30"]
[SourceQuality "1"]

1. e4 c5 2. Nf3 Nc6 3. d4 cxd4 4. Nxd4 g6 5. Nc3 Bg7 6. Nf3 Nf6 7. Nd4 d6 8. Be3 0-0 9. Qd2 Re8 10. h4 h5 11. 0-0-0 a6 12. Bh6 Bh8 13. Nxc6 bxc6 14. e5 Ng4 15. exd6 exd6 16. Bg5 f6 17. Be3 d5 18. Na4 Rb8 19. c4 Be6 20. cxd5 cxd5 21. Nc5 Qc7 22. Kb1 Bf5+ 23. Ka1 Nxe3 24. fxe3 Qxc5 25. Qxd5+ Qxd5 26. Rxd5 Be4 27. Rd4 f5 28. Bxa6 Bxd4 29. exd4 Rb6 30. Bc4+ Kg7 31. Re1 Reb8 32. Bb3 Bxg2 33. Re7+ Kf6 34. Rf7# 1-0

[Event "GER Pfingstopen U12"]
[Site "Playchess.com INT"]
[Date "2020.06.02"]
[Round "3"]
[White "Fischer, Quirin"]
[Black "Kuran, Olivia"]
[Result "1/2-1/2"]
[WhiteElo "1620"]
[BlackElo "1620"]
[PlyCount "124"]
[EventDate "2020.06.02"]
[EventType "swiss (blitz)"]
[EventRounds "11"]
[EventCountry "GER"]
[SourceTitle "CBM 197 Extra"]
[Source "ChessBase"]
[SourceDate "2020.09.30"]
[SourceVersion "1"]
[SourceVersionDate "2020.09.30"]
[SourceQuality "1"]

1. e4 e5 2. Nf3 Nc6 3. Bc4 Bc5 4. c3 Nf6 5. d4 Be7 6. dxe5 Nxe4 7. Qe2 Nc5 8. b4 Ne6 9. 0-0 0-0 10. Be3 d6 11. exd6 Bxd6 12. Rd1 Re8 13. Qf1 Bf4 14. Rxd8 Rxd8 15. Bxf4 Nxf4 16. Qc1 Ne2+ 17. Bxe2 Bg4 18. Qg5 Bxf3 19. Bxf3 Rd6 20. Na3 Rad8 21. Be2 Rd2 22. Bf3 f6 23. Qe3 R2d3 24. Qe2 Rd2 25. Qc4+ Kh8 26. Qg4 Ne5 27. Rd1 Nxg4 28. Rxd2 Rxd2 29. Bxg4 Rxa2 30. h3 Rxa3 31. Bf3 Rxc3 32. Bxb7 Rb3 33. b5 Rxb5 34. Bc6 Rb1+ 35. Kh2 Rb2 36. f3 Rb3 37. Kg3 Rc3 38. Ba8 a5 39. Bd5 a4 40. Kg4 a3 41. h4 Rd3 42. Bf7 Rd2 43. g3 a2 44. Bxa2 Rxa2 45. Kf5 c5 46. g4 Rh2 47. g5 Rxh4 48. gxf6 gxf6 49. Kxf6 Rf4+ 50. Kg5 Rxf3 51. Kh5 Rg3 52. Kh4 c4 53. Kxg3 c3 54. Kf3 c2 55. Ke2 c1Q 56. Kf3 Qe1 57. Kf4 Qe2 58. Kf5 Qe3 59. Kf6 Qe4 60. Kf7 Qe5 61. Kf8 Qc7 62. Ke8 Kg7 1/2-1/2